000 00389nam a2200133 a 4500
005 20140412111311.0
008 030416s19uu xx 00 eng d
050 _aFil 808.899282
_bLi778 1994
245 _aLittle Prince: I-want-my-way /
_cillustrations by C. Mongo.
260 _aPhilippines :
_bPaulines,
_c1994.
300 _a16 p. ; ill.
650 _aChildren stories
999 _c103986
_d103986